BIBLIOTHÈQUE DE LA MAISON DU MEXIQUE

Logo 1 Logo 2

Catálogo de sus obras (notice nᵒ 10688)

détails MARC
000 -Sello discográfico
campo de control de longitud fija 01154nam a2200373 4500
005 - Identificación de versión
campo de control 20251016083634.0
010 ## - Número Estándar Internacional de Libros (ISBN)
Número (ISBN) 968-36-6909-3
035 ## - Otros números de control del sistema
Número de control del sistema 3233
099 ## - fechas locales
Tipo de ítem Koha LIBRO
100 ## - Datos de procesamiento general
Datos de procesamiento general 20040212d1998 m y1spay5003 ba
105 ## - Campo de datos codificados: Material textual, monográfico
Datos codificados de monografía y 001zy
200 1# - Título y mención de responsabilidad
Título propio Catálogo de sus obras
Designación general del material texto impreso
Primer mención de responsabilidad Silvestre Revueltas
Declaración de responsabilidad subsiguiente compilación y notas Roberto Kolb Neuhaus
210 ## - Publicación, distribución, etc.
Lugar de publicación, distribución, etc. México
Nombre del editor, distribuidor, etc. Universidad Nacional Autónoma de México, Escuela Nacional de Música
Fecha de publicación, distribución, etc. 1998
215 ## - Descripción física
Designación de material específico y extensión del ítem 128 p
Dimensiones 22 cm
318 ## - Nota de acción
Acción No se presta a domicilio
345 ## - Nota de información de adquisición
Fuente de adquisición/dirección de la suscripción [OBSOLETO] Donación
600 ## - Nombre personal usado como materia
Elemento de entrada Revueltas Sánchez
Parte del nombre distinta del elemento de entrada Silvestre
Fechas 1899-1940
Subdivisión temática Crítica e interpretación
Número Koha 17161
606 ## - Término temático usado como materia
Elemento de entrada Música mexicana
Subdivisión temática Catálogos
Número Koha 17162
660 ## - Código de área geográfica
Código MX
676 ## - Clasificación Decimal Dewey
Número R785 R454s
700 ## - Nombre personal - Responsabilidad primaria
Elemento de entrada Revueltas Sánchez
Parte del nombre distinta del elemento de entrada Silvestre
Fechas 1899-1940
Número Koha 7257
702 ## - Nombre personal - Responsabilidad secundaria
Elemento de entrada Kolb Neuhaus
Parte del nombre distinta del elemento de entrada Roberto
Número Koha 17163
801 #0 - Fuente de origen
Agencia cm
900 ## -
-- 1/6364
900 ## -
-- 7100418126\120204
942 ## - ELEMENTOS DE ENTRADA SECUNDARIOS (KOHA)
Tipo de ítem Koha Livre

Pas d'exemplaire disponible.